| 000 | 00501nam a22001697a 4500 | ||
|---|---|---|---|
| 999 |
_c9187 _d9187 |
||
| 008 | 210326b ||||| |||| 00| 0 eng d | ||
| 040 | _aBMS College of Architecture | ||
| 100 | _aBegum, Waheda | ||
| 245 | _aHampi interpretation center | ||
| 300 | _a63p. | ||
| 500 | _a1BM04AT040 | ||
| 502 |
_8B.Arch _NBMS College of Architecture, Visvesvaraya Technological University _aProject report _d2019 |
||
| 650 | _aHampi | ||
| 700 |
_aK Jaisim _eGuide |
||
| 700 |
_aMamatha P Raj _eGuide |
||
| 942 |
_2ddc _cTHE |
||